| 000 | 00711nam a2200217 4500 | ||
|---|---|---|---|
| 003 | OSt | ||
| 005 | 20240731072312.0 | ||
| 006 | a | ||
| 008 | 240731b |||||||| |||| 00| 0 eng d | ||
| 020 | _a9781585281671 | ||
| 040 |
_aDWCL-Main lib. _cOC |
||
| 082 |
_aCirc. 615.7 C641 2008 _2Fourth edition |
||
| 110 | _aJohn E. Murphy | ||
| 245 | _aClinical pharmacokinetics / | ||
| 250 | _aFourth edition | ||
| 260 |
_aBethesda, Md. : _bAmerican Society of Health System Pharmacists, _cc2008. |
||
| 300 |
_axxxix, _b463 p. : ILL. ; _c23 cm. |
||
| 504 | _aIncludes bibliographical references & index. | ||
| 650 | _a1. Pharmacokinetics-Handbooks, manuals, etc. | ||
| 942 |
_2ddc _n0 _cBK-CIRC _kCirc. _eFourth edition |
||
| 999 |
_c3046 _d3046 |
||